Agricultura elemental española : ajustada al cuestionario oficial vigente

Gespeichert in:
Bibliographische Detailangaben
1. Verfasser: Dantín Cereceda, Juan
Format: Buch
Sprache:Spanisch
Erschienen: Madrid : Imprenta de A. Marzo, 1929
Ausgabe:4ª ed., corr. y aum. con grabados
Katalog:MANES:  Suchergebnis im Bibliothekskatalog
Schulbuchspezifische Eigenschaften:
Tags: Tag hinzufügen
Keine Tags, Fügen Sie den ersten Tag hinzu!
Hinzugefügt zu:09.02.2019
Geändert in:07.05.2025

MARC

LEADER 00000cam a2200000 4500
005 20250507134541.0
008 190210S1929 0espa h 0000 00spa0d
040 |a uned  |b spa  |c entro-manes 
041 0 |a spa 
100 1 |a Dantín Cereceda, Juan  |9 17803 
245 1 0 |a Agricultura elemental española :   |b ajustada al cuestionario oficial vigente /   |c J. Dantin Cereceda 
250 |a 4ª ed., corr. y aum. con grabados 
260 |a Madrid :   |b Imprenta de A. Marzo,   |c 1929 
300 |a 350 p. :   |b il. 
546 |a España 
561 |5 es-BUNED  |3 L.T. 1820  |a España. Fondo Manes UNED  |k MANES 
690 0 |a ETP 
942 |2 ddc  |c BK 
999 |c 97029  |d 97029 
999 |c manes:97029  |d 97029